Kunti (Record no. 7210)

MARC details
000 -LEADER
fixed length control field 00322nam a2200145Ia 4500
008 - FIXED-LENGTH DATA ELEMENTS--GENERAL INFORMATION
fixed length control field 220524s9999 xx 000 0 und d
041 ## - LANGUAGE CODE
Language code of text/sound track or separate title eng
082 ## - DEWEY DECIMAL CLASSIFICATION NUMBER
Classification number 891.46
100 ## - MAIN ENTRY--PERSONAL NAME
Personal name Tibile Anant
9 (RLIN) 7149
245 ## - TITLE STATEMENT
Title Kunti
260 ## - PUBLICATION, DISTRIBUTION, ETC. (IMPRINT)
Name of publisher, distributor, etc. Sukrut Prakashan
Date of publication, distribution, etc. 2006
650 ## - SUBJECT ADDED ENTRY--TOPICAL TERM
Topical term or geographic name as entry element Marathi Books
9 (RLIN) 7150
906 ## - LOCAL DATA ELEMENT F, LDF (RLIN)
a 933
Holdings
Withdrawn status Lost status Damaged status Not for loan Home library Current library Date acquired Vendor Cost, normal purchase price Total Checkouts Full call number Barcode Date last seen Date last checked out Cost, replacement price Bill Date Koha item type Original Barcode
        School of Fashion Technology School of Fashion Technology 29/03/2007 Abhishek Book Agency 280.00 2 891.46 SOFT-BK-2754 16/03/2024 04/03/2024 224.00 08/07/2022 Books 002754